|
|
|
|
| LEADER |
00000nab a2200000 a 4500 |
| 001 |
vtls000023440 |
| 003 |
SK-MaSNL |
| 005 |
20260303180357.0 |
| 008 |
111103c1979 xo 0 slo |
| 015 |
|
|
|a SNBRB19rr/mm-uuuuu
|
| 035 |
|
|
|a CL0033534
|
| 040 |
|
|
|a SNKBUCL
|b slo
|c SNKBUCL
|e AACR2
|
| 041 |
0 |
|
|a slo
|
| 044 |
|
|
|a xo
|c SK
|
| 080 |
|
|
|a 82.09:894.713.2-3(048)
|2 1981
|
| 080 |
|
|
|a 894.713.2-3(048)
|2 1981
|
| 100 |
1 |
|
|a Krenčey, Ivan
|4 aut
|9 5529
|
| 245 |
1 |
0 |
|a Román z ďalekého severu
|c Ivan Krenčey ; Vladimír Sangi
|
| 650 |
0 |
7 |
|a romány rodinné
|2 snkbucl
|9 921836
|
| 650 |
0 |
7 |
|a romány etnografické
|2 snkbucl
|9 1204503
|
| 650 |
0 |
7 |
|a Sangi, Vladimír
|2 snkbucl
|9 938431
|
| 650 |
0 |
7 |
|a sovietska literatúra
|2 snkbucl
|9 22300
|
| 650 |
0 |
7 |
|a Nivchovia
|2 snkbucl
|9 166295
|
| 650 |
0 |
7 |
|a rodové zriadenie
|2 snkbucl
|9 1204515
|
| 650 |
0 |
7 |
|a rodina Nivchov
|2 snkbucl
|9 1204504
|
| 651 |
|
7 |
|a Sachalin (Rusko : ostrov)
|2 SNKPHgeo
|9 106136
|
| 655 |
|
7 |
|a články z novín a časopisov
|2 snkbucl
|9 267496
|
| 655 |
|
7 |
|a články z odboru literárna veda a krásna literatúra
|2 snkbucl
|9 770045
|
| 700 |
1 |
|
|a Sangi, Vladimír
|4 aut
|9 450895
|
| 773 |
0 |
|
|t Smena
|g Roč. 32, č. 44 (21. 2. 1979), s. 6
|
| 787 |
0 |
8 |
|i Rec.:
|a Sangi, Vladimír
|t Ako sa ženili Kevongovci
|d Bratislava : Slovenský spisovateľ, 1978
|
| 850 |
|
|
|a Slovenská národná knižnica v Martine
|a MTA001
|
| 852 |
|
|
|a SNK
|b KIS3GCP
|
| 958 |
|
|
|a RK
|
| 958 |
|
|
|a LX
|
| 992 |
|
|
|a RBX
|
| 999 |
|
|
|c 2106039
|d 2107969
|